Kawan Sang Keldai

Bibliographic Details
Format: Book
Published: Selangor : Early Learner Publications , 2005
Series:Siri pintar teladan
Subjects:

MARC

LEADER 00000cam a2200000 7i4500
001 0000003450
005 20151222.0
008 070718
020 |a 983313386X 
090 0 0 |a JF   |b MOR MAL (4559) 
245 1 0 |a Kawan Sang Keldai 
260 |a Selangor :   |b Early Learner Publications ,   |c 2005 
440 |a Siri pintar teladan 
500 |a Children ages 7-9 years old (orange) 
650 0 |a Animals   |x Fiction 
999 |a 0000971141   |b Book   |c Children Collection   |e Cawangan Sri Merlong 
999 |a 0000971143   |b Book   |c Children Collection   |e Perbadanan Perpustakaan Awam Johor 
999 |a 0000971144   |b Book   |c Children Collection   |e Cawangan Segamat 
999 |a 0000971145   |b Book   |c Children Collection   |e Perbadanan Perpustakaan Awam Johor 
999 |a 0001050861   |b Book   |c Children Collection   |e Cawangan Taman Sri Lambak 
999 |a 0001050862   |b Book   |c Children Collection   |e Cawangan Taman Sri Lambak